[Event "Mittelrhein Verbandsliga-M 16/17"]
[Site "Nordrheinwestfalen"]
[Date "2017.01.29"]
[Round "7.4"]
[White "Hendrix, Joachim"]
[Black "Juschkat, Karl Heinz"]
[Result "1-0"]
[WhiteElo "1976"]
[BlackElo "1740"]
[PlyCount "95"]
[EventDate "2016.09.11"]
[EventType "team-tourn"]
[EventRounds "11"]
[EventCountry "GER"]
[SourceTitle "EXT 2022"]
[Source "ChessBase"]
[SourceDate "2021.10.06"]
[SourceVersion "1"]
[SourceVersionDate "2021.10.06"]
[SourceQuality "1"]
[WhiteTeam "Gruenfeld"]
[BlackTeam "Niederkassel III"]
[WhiteTeamCountry "GER"]
[BlackTeamCountry "GER"]

1. Nf3 d5 2. g3 Nf6 3. Bg2 Nc6 4. c4 d4 5. d3 e5 6. 0-0 Bd6 7. e3 0-0 8. exd4 Nxd4 9. Nxd4 exd4 10. Bg5 h6 11. Bxf6 Qxf6 12. Nd2 Bf5 13. Nb3 c6 14. Re1 Bb4 15. Rf1 Rad8 16. a3 Be7 17. Na5 Rd7 18. Qd2 Bd8 19. Nb3 b6 20. Rfe1 c5 21. Be4 Bxe4 22. Rxe4 Re7 23. Rxe7 Bxe7 24. Qe2 Qe6 25. Qxe6 fxe6 26. Kg2 e5 27. Re1 Bd6 28. Nd2 Rf7 29. Nf3 Re7 30. Re4 g6 31. h3 Kf7 32. Nh2 Kg7 33. Nf3 Kf6 34. Nd2 g5 35. h4 Bc7 36. hxg5+ hxg5 37. f3 Rg7 38. Re1 Rh7 39. Ne4+ Kf5 40. Rb1 a5 41. b4 axb4 42. axb4 cxb4 43. Rxb4 Rh6 44. Ra4 g4 45. Ra7 gxf3+ 46. Kxf3 Bd8 47. Rd7 Rh8 48. Rd6 1-0

[Event "Mittelrhein Verbandsliga-M 16/17"]
[Site "Nordrheinwestfalen"]
[Date "2016.10.02"]
[Round "2.4"]
[White "Jansen, Josef"]
[Black "Juschkat, Karl Heinz"]
[Result "1/2-1/2"]
[WhiteElo "1954"]
[BlackElo "1740"]
[PlyCount "39"]
[EventDate "2016.09.11"]
[EventType "team-tourn"]
[EventRounds "11"]
[EventCountry "GER"]
[SourceTitle "EXT 2022"]
[Source "ChessBase"]
[SourceDate "2021.10.06"]
[SourceVersion "1"]
[SourceVersionDate "2021.10.06"]
[SourceQuality "1"]
[WhiteTeam "Esch SF"]
[BlackTeam "Niederkassel III"]
[WhiteTeamCountry "GER"]
[BlackTeamCountry "GER"]

1. d4 Nf6 2. Nf3 e6 3. c4 c5 4. Nc3 cxd4 5. Nxd4 Nc6 6. Nc2 d6 7. e4 Be7 8. Be3 0-0 9. f3 a6 10. Qd2 Qc7 11. Rc1 Ne5 12. b3 Bd7 13. Nd4 Qa5 14. Be2 Rac8 15. 0-0 Nc6 16. Rfd1 Rfd8 17. Bf1 Be8 18. Qf2 d5 19. cxd5 exd5 20. Nxd5 1/2-1/2

[Event "Mittelrhein Verbandsliga-M 16/17"]
[Site "Nordrheinwestfalen"]
[Date "2016.09.11"]
[Round "1.4"]
[White "Juschkat, Karl Heinz"]
[Black "Hoffmann, Frank"]
[Result "1-0"]
[WhiteElo "1740"]
[BlackElo "1806"]
[PlyCount "83"]
[EventDate "2016.09.11"]
[EventType "team-tourn"]
[EventRounds "11"]
[EventCountry "GER"]
[SourceTitle "EXT 2022"]
[Source "ChessBase"]
[SourceDate "2021.10.06"]
[SourceVersion "1"]
[SourceVersionDate "2021.10.06"]
[SourceQuality "1"]
[WhiteTeam "Niederkassel III"]
[BlackTeam "Hitdorf SV Springer"]
[WhiteTeamCountry "GER"]
[BlackTeamCountry "GER"]

1. e4 e6 2. d4 d5 3. exd5 exd5 4. Bd3 Bd6 5. Nf3 Nf6 6. 0-0 0-0 7. Bg5 c6 8. Re1 Bg4 9. Nbd2 Nbd7 10. c3 Qc7 11. Qc2 Rae8 12. h3 Bh5 13. Nh4 Bf4 14. Bxf4 Qxf4 15. Nf5 Qb8 16. Nf1 Bg6 17. Ne7+ Kh8 18. Nxg6+ hxg6 19. Qd2 Rxe1 20. Rxe1 Re8 21. Rxe8+ Qxe8 22. Qe3 Kg8 23. Qxe8+ Nxe8 24. Ne3 Nd6 25. f3 Kf8 26. g4 Ke7 27. Kf2 Nb6 28. b3 Nd7 29. Kg3 b5 30. g5 Nb6 31. Ng4 Nd7 32. Ne5 Nxe5 33. dxe5 Nf5+ 34. Bxf5 gxf5 35. f4 c5 36. Kf3 a5 37. Ke3 g6 38. a3 Kd7 39. b4 Kc6 40. bxa5 Kb7 41. h4 Ka6 42. h5 1-0